00433pam a2200157 a 4500020001200000040002500012041001300037082001900050100002700069245007200096250001400168260003700182300001300219365001200232653003100244 c8736.00 aMedical College Lib. aENGhENG a616.07543bTAY aTaylor, Kenneth J. W.. aClinical Applications of Doppler Ultrasound / chTextual Documents a2nd / b. a : bLippincott-Raven , c1995. a415 ; c a8736.00 aRadiologyaMedical Science